00449 a2200133 4500001001000000005001700010008004100027245008800068100002100156700002000177700003400197773006700231999001700298ART_4126720260410162005.0260409a 10aIncidencia y aspectos destacados de los derechos reales en la comunidad hereditaria1 aTanzi, Silvia Y.1 aCorna, Pablo M.1 aFossaceca, Carlos Alberto (h)0 tTemas de derecho civilg- Año 3, Nº 3 (mar. 2017)wREV34778 c31667d31667